| 000 | 00426nam a22001577a 4500 | ||
|---|---|---|---|
| 008 | 150828b xxu||||| |||| 00| 0 eng d | ||
| 020 | _a9780415109321 | ||
| 050 | _aBR334.2.M958 | ||
| 100 |
_aMullett Michael _919163 |
||
| 245 |
_aLuther _c/by Michael Mullett |
||
| 260 |
_aLondon _bRoutledge _c1986 |
||
| 300 |
_a54p. ; _c22cm. |
||
| 440 |
_aLancaster pamphlets _96010 |
||
| 650 | _2Luther, Martin | ||
| 942 |
_2lcc _cMONOGRAPH |
||
| 999 |
_c123185 _d123185 |
||